008380000a22002290004500003001100000005001700011008004100028040003900069041000800108082001500116100002200131245009500153260007200248300004800320490002700368650002500395650003700420650003900457942000700496952009000503999001500593LK-CoMWRAF20240701104717.0230817t1992 ||||| |||| 00| 0 eng d aLK-CoMWRAFdLK-CoMWRAFeLK-CoMWRAF aeng a362.5bKOT aKottegoda, Sepali aThe janasaviya poverty alleviation programme and women:ba case study from Palenda village aColombo:b Women's Education and Research Centre publication,c1992 a 39, [16] p. ; 29 cmbBibliography included aPublication no.37/E 16 aPoor women-Sri Lanka aRural women- Economic conditions aRural women- Employment- Sri Lanka cBK 00104070aMAINbMAINd2023-08-17l0o362.5 KOTpRAF3650r2023-08-17w2023-08-17yBK c2574d2574